Человек из легенды (Запис № 324032)

МАРК-запис
000 -Лідер
fixed length control field 00699nam a22002537a 4500
001 - Контрольний номер
control field 37864
003 - Ідентифікатор контрольного номера
control field UA-OsUOA
005 - Дата та час останнього входження (трансакції)
control field 20201201202614.0
007 - Фіксоване поле фізичного опису
fixed length control field ta
008 - Елементи даних фіксованої довжини – загальна інформація
fixed length control field 20060412b un ||||| |||| 00| 0 ukr d
020 ## - Міжнародний стандартний книжковий номер (ISBN)
Міжнародний стандартний книжковий номер (ISBN) (НП) 966-611-051-2
040 ## - Джерело каталогізації
Агенція оригінальної каталогізації UA-OsUOA
Мова каталогізації ukr
Агенція, яка здійснювала перезапис UA-OsUOA
Агенція, яка здійснювала модифікацію UA-OsUOA
041 ## - Код мови
Код мови тексту/ звукової доріжки чи окремого заголовка (П) ukr
080 ## - Індекс Універсальної десяткової класифікації
Індекс Універсальної десяткової класифікації (УДК) (НП) 82.94
090 ## - Локальний шифр розміщення
Класифікаційний індекс УДК 82.94
Авторський знак (НП) Ф76
100 ## - Основне введення – ім’я особи
Ім’я особи (НП) Фомин Ю.
245 ## - Відомості про назву
Назва (НП) Человек из легенды
260 ## - Публікація, розповсюдження і т.п. (Вихідні дані)
Місце публікації, розповсюдження і т.п. (П) К.
Ім’я/ наймення видавництва, розповсюджувача і т.п. (П) ДП "Ясон-К"
Дата публікації, розповсюдження і т.п. (П) 2000
300 ## - Фізичний опис
Обсяг 96 с.
650 #7 - Додаткове предметне введення – тематичний термін
Тематичний термін чи географічна назва, як елемент введення (НП) 82 Література. Літературознавство
Джерело заголовка чи терміна UDC
942 ## - Додаткові елементи входу (Коха)
Тип елемента Koha Книги
Source of classification or shelving scheme Universal Decimal Classification
955 ## - Код типу видання за змістом
Код типу видання за змістом (НП) Навчальні видання
Фонди
Стан вилучень Стан втрат Джерело класифікації або схеми стелажів Стан уражень Не для кредиту Постійне місце розташування Поточне розміщення Дата придбання Вартість, звичайна ціна покупки Інвентарний номер Усього замовленно Повний номер виклику Штрих-код Дата останнього перегляду Ціна ефективна від Тип елемента Koha Джерело придбання
    Universal Decimal Classification     АБ - Абонемент НБ АБ - Абонемент НБ 12/04/2006 10.00 95705   82.94 Ф76 95705 10/02/2022 12/04/2006 Книги 34/2006
    Universal Decimal Classification     АБ - Абонемент НБ АБ - Абонемент НБ 12/04/2006 10.00 95706   82.94 Ф76 95706 10/02/2022 12/04/2006 Книги 34/2006
    Universal Decimal Classification     ЧЗ - Читальна зала ЧЗ - Читальна зала 19/01/2004 1.00 76859   82-94(477) Ф76 76859 08/11/2021 19/01/2004 Книги  
    Universal Decimal Classification     ЧЗ - Читальна зала ЧЗ - Читальна зала 19/01/2004 1.00 76860   82-94(477) Ф76 76860 08/11/2021 19/01/2004 Книги  
    Universal Decimal Classification     ЧЗ - Читальна зала ЧЗ - Читальна зала 19/01/2004 1.00 76861   82-94(477) Ф76 76861 08/11/2021 19/01/2004 Книги